Antropología y derechos humanos (segunda parte) /

Guardado en:
Bibliografiske detaljer
Hovedforfatter: Marlasca López, Antonio
Format: Texto
Fag:
Tags: Tilføj Tag
Ingen Tags, Vær først til at tagge denne postø!

MARC

LEADER 00000 a a2200000 04500
001 15502
003
040
100 |a Marlasca López, Antonio  
245 |a Antropología y derechos humanos (segunda parte) /  |c Antonio Marlasca López 
650 |a DERECHOS HUMANOS  
650 |a ANTROPOLOGIA  
650 |a DERECHO  
650 |a ANALISIS HISTORICO  
650 |a ONU  
650 |a LIBERTAD  
650 |a ONU  
773 |g volumen 36, número 90, EXTR; páginas 545-560  
999 |c 29424  |d 29424